MARC

LEADER 00000nam0a2200000 4500
001 292505
005 20231102000512.0
020 |a RU  |b 84-14939 
035 |a (RuTPU)RU\TPU\book\317137 
090 |a 292505 
100 |a 20150423d1984 k y0rusy5003 ca 
101 0 |a rus 
102 |a RU 
105 |a a z 001zy 
200 1 |a Радиационно-столкновительные явления  |f С. И. Яковленко 
210 |a Москва  |c Энергоатомиздат  |d 1984 
215 |a 209 с.  |c граф. 
320 |a Библиогр.: с. 204-208 
606 1 |a Атомные столкновения  |2 stltpush  |3 (RuTPU)RU\TPU\subj\29729  |9 53000 
610 1 |a атомно-молекулярная спектроскопия 
610 1 |a оптические переходы 
610 1 |a лазерное поле 
610 1 |a нелинейные явления 
610 1 |a поглощения 
675 |a 539.186  |z rus  |v 3 
700 1 |a Яковленко  |b С. И.  |g Сергей Иванович 
801 0 |a RU  |b RuMRKP  |c 19950704  |g psbo 
801 1 |a RU  |b 63413507  |c 20150423 
801 2 |a RU  |b 63413507  |c 20180426  |g RCR 
942 |c BK